Trò diễn trong lễ hội dân gian của người Việt ở Châu Thổ Bắc Bộ

Nội dung quyển sách đi sâu, khai thác, phân tích một số nội dung cơ bản được phản ánh trong trò diễn, qua đó chỉ ra những đặc trưng nổi bậc của trò diễn, đồng thời đi tìm mối quan hệ với sân khấu dân gian của trò diễn....

Description complète

Enregistré dans:
Détails bibliographiques
Auteur principal: Đặng, Hoài Thu
Format: Livre
Langue:Undetermined
Publié: Hà Nội Thanh niên 2010
Sujets:
Tags: Ajouter un tag
Pas de tags, Soyez le premier à ajouter un tag!
Thư viện lưu trữ: Trung tâm Học liệu Trường Đại học Cần Thơ
LEADER 01149nam a2200217Ia 4500
001 CTU_165394
008 210402s9999 xx 000 0 und d
082 |a 394.35971 
082 |b Th500 
100 |a Đặng, Hoài Thu 
245 0 |a Trò diễn trong lễ hội dân gian của người Việt ở Châu Thổ Bắc Bộ 
245 0 |c Đặng Hoài Thu 
260 |a Hà Nội 
260 |b Thanh niên 
260 |c 2010 
520 |a Nội dung quyển sách đi sâu, khai thác, phân tích một số nội dung cơ bản được phản ánh trong trò diễn, qua đó chỉ ra những đặc trưng nổi bậc của trò diễn, đồng thời đi tìm mối quan hệ với sân khấu dân gian của trò diễn. 
650 |a Social life and customs,Folk festivals,Việt Nam, Bắc Bộ,Lễ hội dân gian 
650 |x Phong tục và đời sống xã hội 
650 |z Vietnam, Northern,Vietnam, Northern,Việt Nam, Bắc Bộ 
904 |i Năm 
980 |a Trung tâm Học liệu Trường Đại học Cần Thơ